Music Quiz

Random Music or Bands Quiz

Music Foursome's First Names Quiz Stats

Quiz Updated Jul 8, 2015

Also try: Female Singers
Challenge
Share
Tweet
Embed
Score 0/64 Timer 06:00
5 Plays Today
% Correct
John
99.7%
John
99.7%
John
99.7%
John
99.7%
John
99.7%
Paul
99.5%
Paul
99.5%
Paul
99.5%
Paul
99.5%
Ringo
98.9%
John
98.7%
Bono
98.1%
George
97.8%
Jim
93.3%
Pete
91.3%
David
88.7%
David
88.7%
Robert
88%
The Edge
88%
Michael
86.3%
Gene
85.7%
Jimmy
85.1%
Roger
82.3%
Robby
82%
Eddie
81.6%
Michael
80.9%
Michael
80.9%
Peter
80.5%
Peter
80.5%
Peter
80.4%
Johnny
79.6%
Johnny
79.6%
% Correct
Don
78.7%
Keith
77.2%
Joe
73.6%
James
72.4%
Lars
68.6%
Davy
66.9%
Mick
66%
Joey
61.7%
Mike
59.4%
Micky
59.2%
Glenn
58.8%
Glen
58.8%
Cass
57.5%
Ace
53%
Adam
47.5%
Ray
44.6%
Kirk
41.2%
Larry
40.8%
Alex
40.3%
Michelle
38.4%
Steve
36.7%
Bill
35.3%
Dee Dee
33.4%
Tommy
30.4%
Chris
27.9%
Tina
25.2%
Cliff
24.1%
Randy
20.9%
Denny
20.1%
Topper
15.7%
Jerry
15.2%
Bernie
11.6%

You're not logged in!

Compare scores with friends on all Sporcle quizzes.
Sign Up with Email
OR
Log In

You Might Also Like...

Show Comments

Extras

Top Quizzes Today


Score Distribution

Your Account Isn't Verified!

In order to create a playlist on Sporcle, you need to verify the email address you used during registration. Go to your Sporcle Settings to finish the process.